[Event "La Paz op"]
[Site "La Paz"]
[Date "2022.09.17"]
[Round "5"]
[White "Ameller Solano, Ronald David"]
[Black "Arteaga Herbas, Thiago Andre"]
[Result "1-0"]
[WhiteElo "1762"]
[BlackElo "1020"]
[PlyCount "37"]
[EventDate "2022.09.15"]
[EventType "swiss"]
[EventRounds "7"]
[EventCountry "BOL"]
[SourceTitle "EXT 2023"]
[Source "ChessBase"]
[SourceDate "2022.10.05"]
[SourceVersion "1"]
[SourceVersionDate "2022.10.05"]
[SourceQuality "1"]

1. e4 c5 2. Bc4 Nc6 3. Nc3 d6 4. a3 g6 5. h3 Bg7 6. d3 Nf6 7. Bg5 0-0 8. Qd2 Nd4 9. Nge2 Nxe2 10. Nxe2 Bd7 11. Bh6 b5 12. Ba2 a5 13. Bxg7 Kxg7 14. f4 b4 15. a4 Qb6 16. e5 dxe5 17. fxe5 Ng8 18. Nf4 Qc6 19. Bd5 1-0

[Event "La Paz op"]
[Site "La Paz"]
[Date "2022.09.16"]
[Round "4"]
[White "Ameller Solano, Ronald David"]
[Black "Ameller Flores, Catalina"]
[Result "0-1"]
[WhiteElo "1762"]
[BlackElo "1142"]
[PlyCount "48"]
[EventDate "2022.09.15"]
[EventType "swiss"]
[EventRounds "7"]
[EventCountry "BOL"]
[SourceTitle "EXT 2023"]
[Source "ChessBase"]
[SourceDate "2022.10.05"]
[SourceVersion "1"]
[SourceVersionDate "2022.10.05"]
[SourceQuality "1"]

1. e4 e6 2. d4 b6 3. f4 Bb7 4. Nc3 Bb4 5. Qd3 Nf6 6. e5 Nd5 7. Nf3 Ba6 8. Qd2 Bxf1 9. Rxf1 d6 10. h3 Bxc3 11. bxc3 Nd7 12. c4 Ne7 13. Bb2 0-0 14. Qd3 dxe5 15. fxe5 c5 16. d5 Nf5 17. 0-0-0 Qc7 18. Ng5 Rfc8 19. Rxf5 exf5 20. e6 Qf4+ 21. Kb1 Qxg5 22. exd7 Rc7 23. Rf1 Qxg2 24. Rxf5 f6 0-1

[Event "La Paz op"]
[Site "La Paz"]
[Date "2022.09.16"]
[Round "3"]
[White "Zubieta Echalar, Rafaella"]
[Black "Ameller Solano, Ronald David"]
[Result "1-0"]
[WhiteElo "1253"]
[BlackElo "1762"]
[PlyCount "77"]
[EventDate "2022.09.15"]
[EventType "swiss"]
[EventRounds "7"]
[EventCountry "BOL"]
[SourceTitle "EXT 2023"]
[Source "ChessBase"]
[SourceDate "2022.10.05"]
[SourceVersion "1"]
[SourceVersionDate "2022.10.05"]
[SourceQuality "1"]

1. e4 g6 2. d4 Bg7 3. Bc4 b6 4. Nc3 Bb7 5. Nf3 e6 6. Bb3 d6 7. 0-0 Nd7 8. Re1 Ne7 9. h3 0-0 10. Bg5 a6 11. Qd2 Qe8 12. Bh6 Rd8 13. Bxg7 Kxg7 14. Qe2 h6 15. Rad1 e5 16. d5 f5 17. Nh2 Nf6 18. f3 Nh5 19. Qe3 Bc8 20. Nf1 f4 21. Qe2 Qf7 22. a4 Qf6 23. Bc4 Qg5 24. Kh1 Ng3+ 25. Nxg3 fxg3 26. Bxa6 Bxh3 27. gxh3 Rf4 28. Qg2 Qh5 29. Qxg3 Rdf8 30. Be2 Rh4 31. Kg2 Rff4 32. Nb5 g5 33. Nxc7 Kf7 34. Ne6 Rf6 35. f4 Qg6 36. f5 Qh7 37. Bb5 Rh5 38. Rd3 g4 39. hxg4 1-0